Actor's With "Y" in Their Name by Picture - Statistics

General Stats
  • This quiz has been taken 131 times
  • The average score is 10 of 13
Answer Stats
Picture Answer % Correct
Dwayne Johnson
92%
George Clooney
92%
Robert Downey Jr.
92%
Ryan Gosling
88%
Ryan Reynolds
88%
Anne Hathaway
84%
Zendaya
81%
Jeremy Renner
79%
Amy Adams
75%
Emily Blunt
73%
Tom Hardy
73%
Lynda Carter
54%
Jimmy Smits
43%
No matching quizzes found
Score Distribution
Percent of People with Each Score
Percentile by Number Answered
Your Score History
You have not taken this quiz